000 00799nacaa22001937u 4500
005 20260518060744.0
008 260518s1944 Pk |gggg||oooo 0 eeeengdd dd
041 _heng
110 _aGovernment of East Bengal,
_bDepartment: Appointment
_cBranch: Constitution & Elections,
_dList No. 115,
_eB-Proceedings
245 _aBye-election in Dacca South East Muhammadan Constituency of the B.L.C. Vice Khan Bahadur Kazi Abdur Rashid, deceased.
246 _aFile No. 4E-5/44
260 _c1944
300 _a53 p;
_cH-35 cm; W-22 cm
500 _aসচিবালয় রেকর্ডরুম সংগ্রহ (প্রথম পর্যায়)
650 _aelection
_x Dacca
942 _cFL
999 _c73533
_d73533